Analýza ekonomickej sily jednotlivých VÚC v rámci navrhovaných alternatív
Reforma verejnej správy. Komparácia dvoch najdiskutovanejších alternatív, I. (12+12), II. (8+8). Výhody alternatív.
Salvato in:
| Autore principale: | |
|---|---|
| Natura: | Capitolo di libro |
| Lingua: | slovacco |
| Soggetti: | |
| Tags: |
Nessun Tag, puoi essere il primo ad aggiungerne!!
|
MARC
| LEADER | 00000naa$a2200000$$$4500 | ||
|---|---|---|---|
| 001 | 0005537 | ||
| 005 | 20221128115417.6 | ||
| 041 | 0 | |a slo | |
| 044 | |a SK | ||
| 245 | 1 | 0 | |a Analýza ekonomickej sily jednotlivých VÚC v rámci navrhovaných alternatív |c aut. Peter Baláži |
| 520 | |a Reforma verejnej správy. Komparácia dvoch najdiskutovanejších alternatív, I. (12+12), II. (8+8). Výhody alternatív. | ||
| 610 | 2 | 0 | |a správa verejná |
| 610 | 2 | 0 | |a organizácia |
| 610 | 2 | 0 | |a reformy |
| 610 | 2 | 0 | |a usporiadanie územné |
| 610 | 2 | 0 | |a Slovensko |
| 610 | 2 | 0 | |a samospráva miestna |
| 610 | 2 | 0 | |a samospráva regionálna |
| 100 | 1 | |a Baláži, Peter | |